Slovakia SPAS health and beauty walks
Na minha lista:
| Autor principal: | |
|---|---|
| Outros Autores: | |
| Formato: | Livro |
| Idioma: | inglês |
| Publicado em: |
Bratislava
Príroda
2002
|
| Assuntos: | |
| Tags: |
Sem tags, seja o primeiro a adicionar uma tag!
|
MARC
| LEADER | 00000nam a2200000 4500 | ||
|---|---|---|---|
| 001 | c136182 | ||
| 005 | 20230719114327.8 | ||
| 020 | |a 80-07-00274-X | ||
| 041 | 0 | |a eng | |
| 044 | |a SK | ||
| 245 | 1 | 0 | |a Slovakia SPAS |b health and beauty walks |c [Ľudmila Husovská, Júlia Takátsová] |
| 264 | 1 | |a Bratislava |b Príroda |c 2002 | |
| 300 | |a 148 s. | ||
| 610 | 2 | 0 | |a kúpele |
| 610 | 2 | 0 | |a Slovensko |
| 610 | 2 | 0 | |a hygiena |
| 610 | 2 | 0 | |a kúpeľníctvo |
| 610 | 2 | 0 | |a liečenie kúpeľné |
| 610 | 2 | 0 | |a história |
| 610 | 2 | 0 | |a pamiatky |
| 100 | 1 | |a Husovská, Ľudmila | |
| 700 | 1 | |a Takátsová, Júlia | |